Stínová ekonomika a práce na černo /

Main Author: Fassmann, Martin, 1964-
Corporate Author: Briggs & Co.
Language: Czech
Published: [Praha : Sondy], 2007
Subjects:
Physical Description: 358 s. : il. ; 21 cm
Book
Saved in:
LEADER 01787nam a2200481 a 4500
001 nkc20071779620
003 CZ PrNK
005 20080205093308.0
007 ta
008 071119s2007 xr a f 001 0 cze
015 |a cnb001779620 
020 |a 978-80-86846-21-7  |q (Sondy :  |q brož.) 
035 |a (OCoLC)228500459 
040 |a OLA001  |b cze  |d BOA001  |d ABA001 
043 |a e------  |a e-xr--- 
072 7 |a 338.3/.4  |x Hospodářská a výrobní odvětví  |2 Konspekt  |9 4 
080 |a 338.4-027.572  |2 MRF 
080 |a 331.526-027.583  |2 MRF 
080 |a (437.3)  |2 MRF 
080 |a (4)  |2 MRF 
080 |a (048.8)  |2 MRF 
100 1 |a Fassmann, Martin,  |d 1964-  |7 mzk2003194934  |4 aut 
245 1 0 |a Stínová ekonomika a práce na černo /  |c Martin Fassmann 
260 |a [Praha :  |b Sondy],  |c 2007 
300 |a 358 s. :  |b il. ;  |c 21 cm 
500 |a V tiráži uvedeno: Briggs & Co. 
504 |a Obsahuje bibliografii a bibliografické odkazy 
650 0 7 |a šedá ekonomika  |7 ph158339  |z země Evropské unie  |2 czenas 
650 0 7 |a šedá ekonomika  |7 ph158339  |z Česko  |2 czenas 
650 0 7 |a nelegální zaměstnání  |7 ph191031  |z země Evropské unie  |2 czenas 
650 0 7 |a nelegální zaměstnání  |7 ph191031  |z Česko  |2 czenas 
650 0 9 |a informal sector (economics)  |z European Union countries  |2 eczenas 
650 0 9 |a informal sector (economics)  |z Czechia  |2 eczenas 
650 0 9 |a illegal work  |z European Union countries  |2 eczenas 
650 0 9 |a illegal work  |z Czechia  |2 eczenas 
655 7 |a studie  |7 fd133597  |2 czenas 
655 9 |a studies  |2 eczenas 
710 2 |a Briggs & Co.  |7 kn20071205007 
910 2 |a BOA001  |b 2-1194.984 
990 |a BK 
995 |a 01 
991 |b 200712  |c NOV 
996 6 |b 2610326467  |c 2-1194.984  |l MZK  |r Sklad / do 1 hodiny  |n 49  |p p.v.  |w 000875991  |u 000010  |a 1  |e BOA001  |j MZK50  |s P